000 00887nam a2200289 i 4500
001 000032846
003 DO-SdBNP
005 20240214083705.0
007 ta
008 100217s1992 sp e r 000 0 spa d
020 _a8426411487
040 _aDO-SdBNP
_bspa
_cBNPHU
_erda
082 4 _222
100 _aEco, Umberto,
_d1932-
_914106
_eautor
245 1 3 _aEl nombre de la rosa /
_cUmberto Eco ; traducción Ricardo Pochtar
250 _a17a ed.
264 _aBarcelona :
_bLumen ;
_bDe la Flor,
_c1992.
300 _a607 páginas :
_bplano ;
_c24 cm.
336 _2rdacontent
_atexto
_btxt
337 _2rdamedia
_asin mediación
_bn
338 _2rdacarrier
_avolumen
_bnc
500 _aIncluye datos biográficos del autor en la contracubierta
590 _aInventariado, 2024/BT
700 _aPochtar, Ricardo,
_etraducción
_914107
910 _aBtavárez
942 _2ddc
_cLBS1
999 _c32337
_d32337